Entry Personal Name
Number of records used in: 33
001 - CONTROL NUMBER
003 - CONTROL NUMBER IDENTIFIER
005 - DATE AND TIME OF LATEST TRANSACTION
- control field:
20231227160747.0
008 - FIXED-LENGTH DATA ELEMENTS
- fixed length control field:
860211|| anannbabn |a aaa
010 ## - LIBRARY OF CONGRESS CONTROL NUMBER
- LC control number:
sh 85120821
040 ## - CATALOGING SOURCE
- Original cataloging agency:
DLC
- Transcribing agency:
DLC
- Modifying agency:
DLC
053 #0 - LC CLASSIFICATION NUMBER
- Classification number element--single number or beginning number of span:
PR2877
- Classification number element--ending number of span:
PR2879
100 1# - HEADING--PERSONAL NAME
- Personal name:
Shakespeare, William,
- Dates associated with a name:
1564-1616
- Form subdivision:
Adaptations
400 1# - SEE FROM TRACING--PERSONAL NAME
- Personal name:
Shakespeare, William,
- Dates associated with a name:
1564-1616
- Form subdivision:
Paraphrases, tales, etc.
681 ## - SUBJECT EXAMPLE TRACING NOTE
- Explanatory text:
Example under
- Subject heading or subdivision term:
Literature--Adaptations